LEADER 02340oam 2200613I 450 001 9910450163103321 005 20200520144314.0 010 $a1-134-68730-3 010 $a1-280-14068-2 010 $a9786610140688 010 $a0-203-98083-2 024 7 $a10.4324/9780203980835 035 $a(CKB)1000000000248220 035 $a(EBL)235091 035 $a(OCoLC)71348468 035 $a(SSID)ssj0000277491 035 $a(PQKBManifestationID)11207617 035 $a(PQKBTitleCode)TC0000277491 035 $a(PQKBWorkID)10234056 035 $a(PQKB)10102713 035 $a(MiAaPQ)EBC235091 035 $a(Au-PeEL)EBL235091 035 $a(CaPaEBR)ebr10099066 035 $a(CaONFJC)MIL14068 035 $a(EXLCZ)991000000000248220 100 $a20180331d1999 uy 0 101 0 $aeng 135 $aur|n|---||||| 181 $ctxt 182 $cc 183 $acr 200 10$aBritain in the Second World War /$fMark Donnelly 210 1$aLondon ;$aNew York :$cRoutledge,$d1999. 215 $a1 online resource (139 p.) 300 $aDescription based upon print version of record. 311 $a0-415-17425-2 311 $a0-415-17426-0 320 $aIncludes bibliographical references and indexes. 327 $aBook Cover; Half-Title; Title; Copyright; Contents; Acknowledgements; Abbreviations; Chronology of the war in the west; Introduction; Chapter 1 Wartime politics; Chapter 2 The people's war; Chapter 3 The wartime economy; Chapter 4 Wartime media?press, radio and cinema; Chapter 5 Wartime strategy?Britain and its Allies; Bibliography; Index; 330 $aThis text presents a survey of politics, society, culture and military strategy between 1939 and 1945. Themes covered include propaganda and culture, and Britain and its allies, and the book covers the major historical debates of these areas. 606 $aWorld War, 1939-1945$zGreat Britain 607 $aGreat Britain$xPolitics and government$y1936-1945 608 $aElectronic books. 615 0$aWorld War, 1939-1945 676 $a940.5341 676 $a941.084 700 $aDonnelly$b Mark$f1967,$0956366 801 0$bMiAaPQ 801 1$bMiAaPQ 801 2$bMiAaPQ 906 $aBOOK 912 $a9910450163103321 996 $aBritain in the Second World War$92165369 997 $aUNINA LEADER 01297nas 2200433-a 450 001 9910262944303321 005 20230708213018.0 011 $a1600-082X 035 $a(DE-599)ZDB2035488-5 035 $a(OCoLC)55041397 035 $a(CKB)110978977737917 035 $a(CONSER)--2004699010 035 $a(EXLCZ)99110978977737917 100 $a20040428a19549999 s-- - 101 0 $aeng 135 $aurunu|||||||| 181 $ctxt$2rdacontent 182 $cc$2rdamedia 183 $acr$2rdacarrier 200 10$aScando-slavica 210 $aCopenhagen $cMunksgaard 300 $aRefereed/Peer-reviewed 311 $a0080-6765 606 $aSlavic philology$vPeriodicals 606 $aScandinavian philology$vPeriodicals 606 $aScandinavian philology$2fast$3(OCoLC)fst01106438 606 $aSlavic philology$2fast$3(OCoLC)fst01120745 608 $aPeriodicals.$2fast 615 0$aSlavic philology 615 0$aScandinavian philology 615 7$aScandinavian philology. 615 7$aSlavic philology. 676 $a491.8/05 712 02$aAssociation of Scandinavian Slavicists. 712 02$aAssociation of Scandinavian Slavicists and Baltologists. 906 $aJOURNAL 912 $a9910262944303321 996 $aScando-Slavica$91324478 997 $aUNINA